000 01414nam a2200337 i 4500
001 000026255
003 DO-SdBNP
005 20231221105505.0
007 ta
008 110307e1978 dr 000 0 spa d
040 _aDO-SdBNP
_bspa
_cBNPHU
_erda
082 4 _a304.897293073
_bP979e
_222
100 1 _aPuig Ortiz, José Augusto
_953284
_d1915-1981
_eautor
245 1 0 _aEmigración de libertos norteamericanos a Puerto Plata en la primera mitad del siglo XIX :
_bla iglesia metodista Wesleyana /
_cJosé Augusto Puig Ortiz.
264 1 _aSanto Domingo :
_bAlfa y Omega,
_c1978.
300 _a222 páginas ;
_c22 cm.
336 _2rdacontent
_atexto
_btxt
337 _2rdamedia
_asin mediación
_bn
338 _2rdacarrier
_avolumen
_bnc
500 _aIncluye datos biográficos del autor en la contracubierta.
500 _aIncluye bibliografía y notas al pie de páginas.
500 _aIncluye índice.
504 _aBibliografía : páginas 199-202.
590 _aInventariado 2023 / MF
650 0 _aEstadounidenses en Puerto Plata (República Dominicana)
_953285
650 0 _aMetodismo
_xHistoria
_zPuerto Plata (República Dominicana{Rpara}
_953286
651 0 _aRepública Dominicana
_xEmigración e inmigración
_xHistoria
_ySiglo XIX
_953287
651 0 _aEstados Unidos
_xEmigración e inmigración
_xHistoria
_ySiglo XIX
_953288
910 _aValidado. Control de calidad EMS
942 _2ddc
_cLBS1
999 _c25747
_d25747